[Event "AUTO-OPEN-2135"]
[Site "http://www.queenalice.com/game.php?id=952558"]
[Date "2011.6.22"]
[Round "2"]
[White "onfs2"]
[Black "fabianno"]
[Result "0-1"]
[WhiteElo "1871"]
[BlackElo "2118"]

1. e4 c5 2. Bc4 e6 3. e5 Nc6 4. Nf3 Qc7 5. Qe2 a6 6. a4 Nge7 7. b3 Nb4 8. d3 Rb8
9. a5 g6 10. O-O Bg7 11. Bg5 Nbc6 12. Bf6 Bxf6 13. exf6 d5 14. fxe7 dxc4 15.
dxc4 Qxe7 16. Ne5 Nd4 17. Qd1 Qf6 18. Re1 O-O 19. c3 Nc6 20. Ng4 Qg5 21. g3 h5
22. h4 Qxg4 23. Qxg4 hxg4 24. Nd2 Ne7 25. Ne4 Kg7 26. Nxc5 b5 27. axb6 Rxb6 28.
b4 Nf5 29. Re4 Nd6 30. Rxg4 e5 31. Na4 Rc6 32. c5 Bxg4 33. cxd6 Rxd6 34. Nc5 Bf3
35. Kh2 Rd2 36. Rf1 Rc2 37. Kh3 Rxc3 38. Nxa6 Be2 39. Ra1 Ra8 40. Re1 Bxa6 41.
Rxe5 Bc8+ 42. Kh2 Ra2 43. Kg2 Rcc2 44. Ra5 Rxf2+ 45. Kg1 Rg2+ 46. Kf1 Raf2+ 47.
Ke1 Rb2 0-1

[Event "AUTO-OPEN-2160"]
[Site "http://www.queenalice.com/game.php?id=956548"]
[Date "2011.7.4"]
[Round "3"]
[White "fabianno"]
[Black "ylisavbots"]
[Result "0-1"]
[WhiteElo "2117"]
[BlackElo "2366"]

1. c4 c5 2. Nc3 e5 3. d3 Nf6 4. Bg5 h6 5. Bh4 d6 6. Nf3 Be7 7. h3 Nc6 8. g4 Be6
9. Bg2 Rb8 10. O-O Nh7 11. Bg3 f5 12. Nh2 f4 13. Bxf4 exf4 14. Qd2 O-O 15. Nf3
Ne5 16. Nxe5 dxe5 17. a3 Nf6 18. Rab1 g5 19. b4 cxb4 20. axb4 Bxc4 21. Qb2 Bf7
22. Nb5 a6 23. Na3 Nd7 24. b5 Qa5 25. Ra1 axb5 26. Nxb5 Qb4 27. Qxb4 Bxb4 28.
Rfb1 Bc5 29. Be4 Nf6 30. Bf5 Rfd8 0-1

[Event "AUTO-OPEN-2160"]
[Site "http://www.queenalice.com/game.php?id=956549"]
[Date "2011.7.4"]
[Round "3"]
[White "ylisavbots"]
[Black "fabianno"]
[Result "1-0"]
[WhiteElo "2341"]
[BlackElo "2169"]

1. e4 c5 2. Nf3 e6 3. d4 cxd4 4. Nxd4 a6 5. g3 Qc7 6. Bg2 Nc6 7. O-O Nf6 8. c3
b5 9. Be3 Bb7 10. Nd2 h5 11. h4 Ng4 12. Qe2 Nxe3 13. Qxe3 Ne5 14. Rac1 Bc5 15.
Rfd1 Nc6 16. Nxe6 1-0

[Event "AUTO-OPEN-2081"]
[Site "http://www.queenalice.com/game.php?id=959369"]
[Date "2011.7.12"]
[Round "3"]
[White "Fregapani"]
[Black "fabianno"]
[Result "1-0"]
[WhiteElo "2301"]
[BlackElo "2123"]

1. e4 c5 2. Nf3 d6 3. d4 cxd4 4. Nxd4 Nf6 5. Nc3 Nc6 6. Bg5 Ng4 7. Bb5 Bd7 8. h3
Nge5 9. O-O h6 10. Be3 a6 11. Be2 g5 12. Nd5 Bg7 13. Nxc6 Bxc6 14. Bb6 1-0

[Event "AUTO-OPEN-2081"]
[Site "http://www.queenalice.com/game.php?id=959370"]
[Date "2011.7.12"]
[Round "3"]
[White "fabianno"]
[Black "Fregapani"]
[Result "0-1"]
[WhiteElo "2123"]
[BlackElo "2308"]

1. Nf3 Nf6 2. d4 d5 3. c4 dxc4 4. Nc3 a6 5. a4 Nc6 6. e3 Na5 7. Ne5 Be6 8. e4
Nb3 9. Be3 Nxa1 10. Qxa1 b5 11. Nc6 Qc8 12. d5 Bd7 13. Nd4 e5 14. dxe6 fxe6 15.
Qb1 Qb7 16. axb5 axb5 17. b3 Bb4 18. Bd2 Bxc3 19. Bxc3 Qxe4+ 0-1

[Event "AUTO-MASTER-1274"]
[Site "http://www.queenalice.com/game.php?id=968220"]
[Date "2011.8.2"]
[Round "2"]
[White "fabianno"]
[Black "Constante"]
[Result "1-0"]
[WhiteElo "2132"]
[BlackElo "2103"]

1. Nf3 g6 2. d4 Na6 3. e4 c6 4. Bxa6 Qa5+ 5. c3 Qxa6 6. Be3 Nf6 7. Qc2 d6 8. h3
Bg7 9. Nbd2 Bd7 10. c4 d5 11. e5 Ne4 12. Nxe4 dxe4 13. Nd2 f5 14. exf6 Bxf6 15.
Qxe4 O-O-O 16. O-O Bf5 17. Qf4 Qa5 18. Nb3 Qb4 19. Rac1 Qd6 20. Rfd1 Kb8 21. g4
Bc8 22. Qe4 Ka8 23. a4 b6 24. a5 Qe6 25. Qf4 g5 26. Qg3 Ba6 27. axb6 axb6 28.
Qc7 Rd7 29. Qxb6 Rb8 30. Qxa6+ Ra7 31. Qxa7+ Kxa7 32. Ra1+ Kb6 33. d5+ 1-0

[Event "AUTO-MASTER-1274"]
[Site "http://www.queenalice.com/game.php?id=968221"]
[Date "2011.8.2"]
[Round "2"]
[White "Constante"]
[Black "fabianno"]
[Result "0-1"]
[WhiteElo "2008"]
[BlackElo "2133"]

1. e4 c5 2. Nf3 d6 3. d4 cxd4 4. Nxd4 Nf6 5. Nc3 Nc6 6. Bg5 Ng4 7. Be2 Nge5 8.
f4 Nxd4 9. Qxd4 Nc6 10. Bb5 Bd7 11. Qa4 a6 12. Bxc6 Bxc6 13. Qd4 h6 14. Bh4 Qa5
15. O-O-O Qc5 16. Qxc5 dxc5 17. Nd5 Rc8 18. Bf2 e6 19. Nc3 Be7 20. g3 b5 21.
Rhe1 O-O 22. Kb1 b4 23. Nd5 Bxd5 24. exd5 Rfd8 25. dxe6 fxe6 26. Kc1 Kf7 27. h4
a5 28. Re5 Rxd1+ 29. Kxd1 Rd8+ 30. Kc1 Rd5 31. b3 Rxe5 32. fxe5 h5 33. Be3 Kg6
34. Kd2 Kf5 35. Bf4 g5 36. hxg5 Bxg5 37. Ke3 h4 38. Bxg5 Kxg5 39. gxh4+ Kxh4 40.
Kd3 Kg4 41. Ke4 Kg5 42. Kd3 Kf4 43. c3 Kxe5 44. cxb4 cxb4 45. Ke3 Kd5 46. Kd3 e5
47. Ke3 e4 48. Kd2 Kd4 49. Kc2 Ke3 50. Kd1 Kf2 0-1

[Event "AUTO-MASTER-1274"]
[Site "http://www.queenalice.com/game.php?id=968222"]
[Date "2011.8.2"]
[Round "2"]
[White "fabianno"]
[Black "Alligator427"]
[Result "1-0"]
[WhiteElo "2107"]
[BlackElo "2240"]

1. Nf3 d5 2. d4 c6 3. Bf4 Nf6 4. h3 Bf5 5. Nbd2 e6 6. e3 Be7 7. Nh4 Bg6 8. Nxg6
hxg6 9. Bd3 Nbd7 10. c3 c5 11. Rc1 Nb6 12. Nf3 Nc8 13. Qa4+ Qd7 14. Bb5 1-0

[Event "AUTO-MASTER-1274"]
[Site "http://www.queenalice.com/game.php?id=968223"]
[Date "2011.8.2"]
[Round "2"]
[White "Alligator427"]
[Black "fabianno"]
[Result "1-0"]
[WhiteElo "2224"]
[BlackElo "2123"]

1. e4 c5 2. d4 cxd4 3. c3 dxc3 4. Nxc3 e6 5. Nf3 a6 6. Bc4 Nc6 7. O-O b5 8. Bb3
Bb7 9. Qe2 Rc8 10. Rd1 Bc5 11. e5 Nge7 12. Ne4 Qb6 13. Be3 Na5 14. Nd6+ Kf8 15.
Nxc8 Nxc8 16. Bxc5+ Qxc5 17. Rxd7 Qb6 18. Rad1 Nc6 19. Ng5 N8e7 20. Qe3 1-0

[Event "AUTO-OPEN-2217"]
[Site "http://www.queenalice.com/game.php?id=972371"]
[Date "2011.8.13"]
[Round "3"]
[White "fabianno"]
[Black "Puffer"]
[Result "1/2-1/2"]
[WhiteElo "2125"]
[BlackElo "2235"]

1. Nf3 d5 2. d4 Nf6 3. Bf4 e6 4. h3 c5 5. c3 Nc6 6. e3 Bd7 7. Nbd2 b6 8. Bd3 Be7
9. O-O O-O 10. Re1 Nh5 11. Bh2 f5 12. Ne5 Nxe5 13. dxe5 g6 14. Be2 Ng7 15. f4 b5
16. b3 Qb6 17. Nf3 Bc6 18. Kh1 Bb7 19. Bg1 Rad8 20. Qc2 Qc6 21. a4 a6 22. axb5
axb5 23. Ra5 Ba6 24. Rea1 Ra8 25. Qd2 Rfb8 26. g4 Bd8 27. R5a2 Bb7 28. Rxa8 Rxa8
29. Rxa8 Bxa8 30. Qa2 Bb7 31. b4 c4 32. Nd4 Qb6 33. Bf3 h6 34. Bf2 Bc8 35. Qa8
Qa6 36. Qxa6 Bxa6 37. Kg2 Kf7 38. Kg3 Ne8 39. Be1 Bb6 40. Bd2 Nc7 41. Be1 Bc8
42. Bf2 Bd7 43. Bg1 Ba7 44. Bf2 1/2-1/2

[Event "AUTO-OPEN-2217"]
[Site "http://www.queenalice.com/game.php?id=972372"]
[Date "2011.8.13"]
[Round "3"]
[White "Puffer"]
[Black "fabianno"]
[Result "1-0"]
[WhiteElo "2213"]
[BlackElo "2120"]

1. e4 c5 2. Nf3 d6 3. d4 cxd4 4. Nxd4 Nf6 5. Nc3 Nc6 6. Bg5 e6 7. Qd2 Be7 8.
O-O-O h6 9. Bh4 O-O 10. Ndb5 d5 11. exd5 Nxd5 12. Bxe7 Ncxe7 13. Nxd5 exd5 14.
Be2 Be6 15. Nd4 Qb6 16. g4 Rac8 17. f4 Bd7 18. h4 Bc6 19. f5 Qc5 20. f6 Ng6 21.
fxg7 Rfe8 22. Qxh6 Ba4 23. Qd2 Re4 24. Nb3 Bxb3 25. axb3 Nf4 26. Bd3 Rd4 27. Kb1
Nxd3 28. cxd3 Kxg7 29. Rc1 Qf8 30. Qg5+ Kh7 31. Qf5+ 1-0

[Event "AUTO-OPEN-2135"]
[Site "http://www.queenalice.com/game.php?id=975377"]
[Date "2011.8.22"]
[Round "3"]
[White "fabianno"]
[Black "onfs2"]
[Result "1-0"]
[WhiteElo "2104"]
[BlackElo "1876"]

1. d4 e6 2. c4 Qf6 3. Nc3 a6 4. e4 c5 5. e5 Qd8 6. d5 d6 7. f4 Nh6 8. Nf3 Be7 9.
Bd3 Nf5 10. Bxf5 exf5 11. O-O h6 12. Re1 dxe5 13. fxe5 Bg5 14. Nxg5 hxg5 15. Qe2
g4 16. e6 f6 17. Be3 Qd6 18. g3 Ke7 19. Bf4 Qd8 20. d6+ Ke8 21. Nd5 Bxe6 22.
Qxe6+ Kf8 23. d7 Nxd7 24. Bd6+ 1-0

[Event "AUTO-OPEN-2135"]
[Site "http://www.queenalice.com/game.php?id=975378"]
[Date "2011.8.22"]
[Round "3"]
[White "onfs2"]
[Black "fabianno"]
[Result "1-0"]
[WhiteElo "1853"]
[BlackElo "2146"]

1. e4 c5 2. Bc4 d6 3. Qf3 Nf6 4. Bb5+ Nc6 5. h3 Bd7 6. c3 a6 7. Bc4 Ne5 8. Qe2
b5 9. Bd5 Ra7 10. f4 Ng6 11. g3 c4 12. d3 e6 13. Be3 cxd3 14. Qxd3 exd5 15. Bxa7
dxe4 16. Qc2 Qa8 17. Be3 Be7 18. Na3 O-O 19. O-O-O Rc8 20. Ne2 b4 21. Nb1 Bb5
22. f5 Ne5 23. Nf4 a5 24. Qb3 Bc4 25. Qa4 Qa6 26. Rh2 Bb5 27. Qc2 a4 28. a3 b3
29. Qg2 Bd3 30. g4 Nc4 31. Qf2 Qb5 32. Nxd3 exd3 33. Qf1 Nxe3 34. Qxd3 Qxd3 35.
Rxd3 Nc4 36. g5 Nh5 37. f6 gxf6 38. gxf6 Bxf6 39. Rg2+ Kf8 40. Rf3 Be5 41. Rgf2
f6 42. Nd2 Nxd2 43. Kxd2 Ke7 44. Re2 Nf4 45. Rxf4 Ra8 46. Rh4 h6 47. Rxh6 Kd7
48. Rh7+ Kc6 49. Kd3 Kd5 50. h4 Rg8 51. Ra7 Rg4 52. Ra5+ Kc6 53. Re4 Rg3+ 54.
Re3 Rg4 55. Rh3 Rg2 56. Rxa4 Rxb2 57. Rb4 d5 58. h5 Ra2 59. Rxb3 Kc5 60. h6 Bf4
61. Re3 Bxh6 62. Re2 Ra1 63. Reb2 Rd1+ 64. Ke2 Re1+ 65. Kxe1 1-0

[Event "AUTO-OPEN-2135"]
[Site "http://www.queenalice.com/game.php?id=975379"]
[Date "2011.8.22"]
[Round "3"]
[White "fabianno"]
[Black "forth_generation"]
[Result "0-1"]
[WhiteElo "2111"]
[BlackElo "2457"]

1. Nf3 Nf6 2. d4 d5 3. c4 dxc4 4. Qa4+ c6 5. Qxc4 Bf5 6. Nc3 Nbd7 7. Bg5 Nb6 8.
Qb3 a5 9. Ne5 Be6 10. Qc2 h6 11. Bh4 Qxd4 12. Nf3 Qc5 13. Bxf6 exf6 14. Rc1 a4
15. e3 a3 16. b3 Nd5 17. Be2 Qxc3+ 18. Nd2 Qxc2 19. Rxc2 Nb4 0-1

[Event "AUTO-OPEN-2135"]
[Site "http://www.queenalice.com/game.php?id=975380"]
[Date "2011.8.22"]
[Round "3"]
[White "forth_generation"]
[Black "fabianno"]
[Result "1-0"]
[WhiteElo "2458"]
[BlackElo "2109"]

1. d4 Nf6 2. c4 e6 3. Nf3 c6 4. e3 b6 5. Nc3 Bb7 6. Bd3 d5 7. O-O Nbd7 8. Bd2
Bd6 9. cxd5 exd5 10. Qc2 h6 11. Rfe1 O-O 12. Nh4 c5 13. Nf5 Bb8 14. e4 dxe4 15.
Nxe4 Nxe4 16. Bxe4 Bxe4 17. Rxe4 Nf6 18. Rh4 cxd4 19. Bxh6 1-0

[Event "AUTO-OPEN-2223"]
[Site "http://www.queenalice.com/game.php?id=977144"]
[Date "2011.8.26"]
[Round "3"]
[White "csparrow"]
[Black "fabianno"]
[Result "1-0"]
[WhiteElo "2607"]
[BlackElo "2121"]

1. e4 c5 2. Nf3 e6 3. d4 cxd4 4. Nxd4 a6 5. Nc3 Qc7 6. Be2 Nf6 7. O-O Bb4 8. Qd3
Nc6 9. Bg5 Nxd4 10. Qxd4 Bxc3 11. bxc3 e5 12. Qb4 Qc6 13. Rfd1 Qxe4 14. Bc4 Qf5
15. f4 h6 16. Bh4 Qxf4 17. Rf1 Qe3+ 18. Kh1 b6 19. Qd6 Qc5 20. Bxf7+ Kxf7 21.
Rxf6+ Kg8 22. Rf8+ Kh7 23. Qd3+ 1-0

[Event "AUTO-OPEN-2223"]
[Site "http://www.queenalice.com/game.php?id=977145"]
[Date "2011.8.26"]
[Round "3"]
[White "fabianno"]
[Black "csparrow"]
[Result "0-1"]
[WhiteElo "2122"]
[BlackElo "2606"]

1. Nf3 Nf6 2. d4 e6 3. c4 d5 4. Nc3 c6 5. Bg5 dxc4 6. e4 b5 7. e5 h6 8. exf6
hxg5 9. a4 gxf6 10. axb5 cxb5 11. Nxb5 Bb7 12. Bxc4 g4 13. Qa4 Nc6 14. Nd2 a6
15. Nc3 Qxd4 16. Ne2 Qe5 17. Bd3 Bb4 18. Rd1 O-O-O 19. Bxa6 Rd6 20. Bxb7+ Kxb7
21. Qb3 Rhd8 22. O-O Qxe2 0-1

[Event "Challenge"]
[Site "http://www.queenalice.com/game.php?id=984318"]
[Date "2011.9.12"]
[Round "-"]
[White "Paked"]
[Black "fabianno"]
[Result "0-1"]
[WhiteElo "1918"]
[BlackElo "2141"]

1. e4 c5 2. d4 cxd4 3. Qxd4 Nc6 4. Qd3 e6 5. Nf3 a6 6. Be2 b5 7. O-O Bb7 8. Nc3
Rc8 9. Ng5 Be7 10. f4 Nb4 11. Qd4 Bc5 12. Qxc5 Rxc5 13. Bd3 Nxd3 14. cxd3 Qb6
15. Be3 Qc7 16. Bxc5 Qxc5+ 17. Kh1 Nf6 18. e5 Ng4 19. Nce4 Qb6 20. Nd6+ Ke7 21.
Nxb7 Qxb7 22. f5 h6 23. Ne4 Nxe5 24. f6+ gxf6 25. Nxf6 Nxd3 26. Rad1 Ne5 27. h3
Rc8 28. Ng4 Nxg4 29. hxg4 Rc2 0-1

[Event "Leonardo x Fabiano"]
[Site "http://www.queenalice.com/game.php?id=1009801"]
[Date "2011.11.18"]
[Round "-"]
[White "Leonardompaula89"]
[Black "fabianno"]
[Result "1/2-1/2"]
[WhiteElo "1708"]
[BlackElo "2165"]

1. Nf3 d5 2. d4 Nf6 3. c4 dxc4 4. Nc3 c6 5. e4 e6 6. Bxc4 Nbd7 7. O-O h6 8. Bf4
Be7 9. e5 Nd5 10. Qc1 Nxf4 11. Qxf4 O-O 12. Bd3 Re8 13. Qe4 Nf8 14. Nd2 f5 15.
exf6 Bxf6 16. Nb3 e5 17. d5 cxd5 18. Qxd5+ Qxd5 19. Nxd5 Rd8 20. Bc4 Be6 21.
Nxf6+ gxf6 22. Bxe6+ Nxe6 23. Na5 b6 24. Nc6 Rd7 25. Rad1 Rc7 26. Rd6 Kf7 27.
Rfd1 Rac8 28. Rd7+ Ke8 29. Rxc7 Rxc7 30. Nb4 a5 31. Nd5 Rc2 32. Nxf6+ Kf7 33.
Nd7 Rxb2 34. Nxe5+ Kg7 35. Nc4 Rb4 36. Nd6 Kf6 37. a3 Rb3 38. Nc4 a4 39. g3 b5
40. Nd6 Nc7 1/2-1/2

[Event "Fabiano x Leonardo"]
[Site "http://www.queenalice.com/game.php?id=1009802"]
[Date "2011.11.18"]
[Round "-"]
[White "fabianno"]
[Black "Leonardompaula89"]
[Result "1-0"]
[WhiteElo "2164"]
[BlackElo "1580"]

1. c4 Nf6 2. Nc3 e5 3. d3 Bb4 4. Bd2 O-O 5. Nf3 Bxc3 6. Bxc3 e4 7. dxe4 Nxe4 8.
Qd4 Nxc3 9. Qxc3 d6 10. e3 Nc6 11. Rd1 Bg4 12. Be2 Ne7 13. O-O Qe8 14. h3 Bxf3
15. Bxf3 Nc6 16. Rfe1 Qe5 17. Qb3 Rab8 18. Rd5 Qe7 19. Red1 Ne5 20. Be2 b6 21.
a3 Rfd8 22. Qc3 Qh4 23. g3 Qxh3 24. Qxe5 1-0